000 00354nam a22001457a 4500
003 SGT
020 _a 8173918821
082 _a384.3
_bE07S
100 _aSinha Pramod Kumar
245 _aElements of Electronic Media
260 _aNEW DELHI
_bKANISHKA PUBLISHER & Distributors
_c2007
300 _a135
650 _aMASS COMMUNICATION
942 _2ddc
_cBK
999 _c13113
_d13113